|
|
|
|
| LEADER |
00000nas a2200000 a 4500 |
| 001 |
ssj0012669 |
| 003 |
WaSeSS |
| 005 |
20200512172242.0 |
| 006 |
m d |
| 007 |
cr n |
| 008 |
751101d19521992dcubr p s f0 a0eng |
| 010 |
|
|
|a 54061675
|
| 016 |
7 |
|
|a 9879515
|2 DNLM
|
| 016 |
7 |
|
|a P26410000
|2 DNLM
|
| 022 |
|
|
|l 0032-941X
|y 0032-941X
|
| 035 |
|
|
|a (WaSeSS)ssj0012669
|
| 040 |
|
|
|a DLC
|b eng
|c MUL
|d COO
|d NSD
|d BTI
|d GPO
|d DLC
|d GPO
|d DLC
|d NST
|d GPO
|d RCS
|d DLC
|d GPO
|d NST
|d AIP
|d HUL
|d AIP
|d HUL
|d AIP
|d NSD
|d AIP
|d HUL
|d NST
|d NSD
|d NST
|d GPO
|d NSD
|d GPO
|d DLC
|d GPO
|d PIT
|d DLC
|d GPO
|d NST
|d GPO
|d DLC
|d NSD
|d DLC
|d HUL
|d NLM
|d OCLCQ
|d DIBAM
|d NLGGC
|d LVB
|d NYDWH
|d OCLCQ
|d AMAZN
|d UKWOH
|d CWS
|d TULIB
|d OCLCA
|d OCLCQ
|d OCLCA
|d OCLCF
|d BEDGE
|d OCL
|d OCLCO
|d OCL
|d IUL
|d OCLCQ
|d Y5J
|d OCLCQ
|d OCLCA
|d GILDS
|d BNCJM
|d OCLCQ
|d OCLCO
|d CUS
|d WaSeSS
|
| 042 |
|
|
|a nsdp
|a pcc
|
| 043 |
|
|
|a e-ur---
|
| 050 |
0 |
0 |
|a HX1
|b .P75
|
| 060 |
|
4 |
|a HX1
|b .P75
|
| 074 |
|
|
|a 0672-C
|
| 082 |
0 |
4 |
|a 335.43/05
|2 19
|
| 086 |
0 |
|
|a ICA 1.9:
|
| 086 |
0 |
|
|a IA 1.8:
|
| 130 |
0 |
|
|a Problems of communism (Washington, D.C.)
|
| 210 |
0 |
|
|a Probl. communism
|
| 222 |
|
0 |
|a Problems of communism
|
| 245 |
1 |
0 |
|a Problems of communism
|h [electronic resource].
|
| 260 |
|
|
|a Washington, D.C. :
|b Documentary Studies Section, International Information Administration,
|c 1952-1992.
|
| 310 |
|
|
|a Bimonthly,
|b <1954>-1992
|
| 321 |
|
|
|a Monthly,
|b 1952-<1953>
|
| 362 |
0 |
|
|a 1952, no. 1-<1952, no. 4> ; <v. 2, no. 1 (Jan. 1953)>-v. 41, 3 (May-June 1992).
|
| 500 |
|
|
|a Title from cover.
|
| 506 |
|
|
|a License restrictions may limit access.
|
| 515 |
|
|
|a Vol. 1, no. 1 preceded by an Experimental issue called also no. 1 and issued in 1952.
|
| 515 |
|
|
|a "Special ed." issue published in spring 1992.
|
| 515 |
|
|
|a Issues for 1952 lack month and volume designation but constitute v. 1; some issues combined.
|
| 550 |
|
|
|a Volumes for 1952-53 issued by: the Documentary Studies Section, International Information Administration; 1954-1978?, Sept./Oct. 1982- by: the United States Information Agency (1954-Sept./Oct. 1955 by its Special Materials Section); <Jan./Feb. 1979>-July/Aug. 1982 by: the International Communication Agency.
|
| 555 |
|
|
|a Vols. 1-3, in. v. 3, no. 6.
|
| 648 |
|
7 |
|a 1945-1991
|2 fast
|
| 650 |
|
0 |
|a Communism
|v Periodicals.
|
| 650 |
|
6 |
|a Communisme
|v Périodiques.
|
| 650 |
|
7 |
|a Communisme.
|2 eclas
|
| 650 |
|
7 |
|a Publications périodiques.
|2 eclas
|
| 650 |
|
7 |
|a Communism.
|2 fast
|0 (OCoLC)fst00870421
|
| 650 |
|
7 |
|a Diplomatic relations.
|2 fast
|0 (OCoLC)fst01907412
|
| 650 |
|
7 |
|a Politics and government
|2 fast
|0 (OCoLC)fst01919741
|
| 650 |
1 |
7 |
|a Communisme.
|2 gtt
|
| 650 |
|
7 |
|a COMUNISMO
|x PUBLICACIONES PERIODICAS.
|2 renib
|
| 650 |
1 |
7 |
|a COMMUNISM.
|2 unbist
|
| 650 |
1 |
7 |
|a CENTRALLY PLANNED ECONOMIES.
|2 unbist
|
| 651 |
|
0 |
|a Soviet Union
|x Politics and government
|y 1945-1991
|v Periodicals.
|
| 651 |
|
0 |
|a Soviet Union
|x Foreign relations
|y 1945-1991
|v Periodicals.
|
| 651 |
|
6 |
|a URSS
|x Politique et gouvernement
|y 1945-1991
|v Périodiques.
|
| 651 |
|
6 |
|a URSS
|x Relations extérieures
|y 1945-1991
|v Périodiques.
|
| 651 |
|
7 |
|a URSS.
|2 eclas
|
| 651 |
|
7 |
|a Soviet Union.
|2 fast
|0 (OCoLC)fst01210281
|
| 653 |
|
|
|a Periodical
|
| 655 |
|
0 |
|a Electronic journals.
|
| 710 |
1 |
|
|a United States.
|b Department of State.
|b International Information Administration.
|b Documentary Studies Section.
|
| 710 |
2 |
|
|a United States Information Agency.
|
| 710 |
2 |
|
|a United States Information Agency.
|b Special Materials Section.
|
| 710 |
1 |
|
|a United States.
|b International Communication Agency.
|
| 767 |
0 |
|
|t Problems of communism (Washington, D.C.). French. Problèmes du communisme
|x 1050-2807
|w (DLC)sn 90001536
|w (OCoLC)21456043
|
| 776 |
0 |
8 |
|i CD-ROM version:
|t Problems of communism (Washington, D.C.)
|w (OCoLC)223404018
|
| 785 |
0 |
0 |
|t Problems of post-communism
|x 1075-8216
|w (DLC) 95659082
|w (OCoLC)30211310
|
| 850 |
|
|
|a AzTeS
|a CaAEU
|a CaMWUC
|a CtY-L
|a DLC
|a MH-EA
|a MH-KG
|a MH-L
|a MH-PA
|a MH-R
|a MH-SI
|a NcD-L
|a PPiU
|
| 856 |
4 |
0 |
|z Full text available from Research Library: 01/01/1990 to 05/31/1992
|u https://search.proquest.com/publication/676
|